| 000 | 01060nac a22003011u 4500 | ||
|---|---|---|---|
| 010 | _a 99027788 | ||
| 020 | _a0070248303 | ||
| 035 | _a(DLC) 99027788 | ||
| 082 | 0 | 0 |
_a539.076 _bG277 |
| 090 |
_c4453 _d4453 |
||
| 100 | _aGautreau, Ronald. | ||
| 245 | 1 | 0 |
_aSchaum's outline of theory and problems of modern physics / _cRonald Gautreau, William Savin. |
| 246 | 3 | 0 | _aTheory and problems of modern physics |
| 246 | 3 | 0 | _aModern physics |
| 250 | _a2nd ed. | ||
| 260 |
_aNew York : _bMcGraw-Hill, _cc1999. |
||
| 300 |
_aix, 338 p. : _bill. ; _c28 cm. |
||
| 490 | 0 | _aSchaum's outline series | |
| 500 | _aIncludes index. | ||
| 650 | 0 |
_aPhysics _vProblems, exercises, etc. |
|
| 700 | 1 | _aSavin, William. | |
| 856 | 4 | 2 |
_3Publisher description _uhttp://www.loc.gov/catdir/description/mh023/99027788.html |
| 856 | 4 | 2 |
_3Table of contents _uhttp://www.loc.gov/catdir/toc/mh023/99027788.html |
| 942 |
_cBB _k539.076G277 _hRDA-MOD |
||
| 999 |
_c4453 _d4453 |
||
| 336 |
_2rdacontent _atext _btxt |
||
| 337 |
_aunmediated _2rdamedia _bn |
||
| 338 |
_avolume _bnc _2rdacarrier |
||